000 00318nam a22001337a 4500
003 MACL
005 20160130170958.0
008 160130b xxu||||| |||| 00| 0 eng d
040 _cMACL
041 _aEnglish
245 _aThe Orient Black Swan School Atlas
260 _aHyderabad
_bOrient BlackSwan
942 _2ddc
_cBK
999 _c52969
_d52969